000 00843nam0a2200277 4500
001 RU\NLR\BIBL_A\010735350
005 20260408152800.0
010 _a978-5-4465-0528-9
_950
021 _aRU
_b2015-17426
_91043
035 _a(NLR Aleph) 010735350
090 _a9880194
_c9880194
100 _a20150421d2014 u y0rusy50 ca
101 0 _arus
102 _aRU
105 _ay|||z|||000yy
200 1 _aФилософия высших ценностей
_fГригорий Веков
210 _aМосква
_cПринт-Сервис
_d2014
215 _a236 с.
_d28
606 _aЦенность (филос.)
_3RU\NLR\AUTH\6620920
_9924926
686 1 _aЮ217
700 1 _aВеков
_bГ.
_gГригорий
942 _cBOOK
980 _aNBR
980 _aNB